000 00198nam a2200073Ia 4500
008 170817s9999 xx 000 0 und d
100 _aPOONAM MADAN
245 0 _aSHIKSHA KE DARSNIK EVAM SAMAJSASTRIYA ADHAR
260 _bAGARWAL PUB .
999 _c39907
_d39907